| 000 | 01104nac a22003257a 4500 | ||
|---|---|---|---|
| 001 | BR8801765 | ||
| 003 | BR-BrBNA | ||
| 005 | 20240105120736.0 | ||
| 008 | 230509b bl.|||m| |||| 00| 0 por d | ||
| 040 |
_aBR-BrBNA _bpor _cBiblioteca Nacional de Agricultura |
||
| 072 | _aF08; F04 | ||
| 090 | _a1440 BR8801765 | ||
| 100 | 1 | _aLima, I.M.P. de | |
| 100 | 1 | _aOliveira, I.F. de | |
| 100 | 1 | _aHolanda, I.S. de | |
| 100 | 1 | _aLeonel Neto, M. | |
| 100 | 1 | _aLira, M.A. | |
| 110 | 1 | _aEmpresa de Pesquisa Agropecuaria do Rio Grande do Norte S.A., Natal (Brasil) | |
| 245 | 1 | _aArranjos de culturas e adubacao organica no consorcio, feijao caupi x batata-doce x capim elefante em leitos de rio | |
| 260 | 3 |
_aNatal, RN (Brasil): _c1987. |
|
| 300 | _a9 p. | ||
| 490 |
_aComunicado Tecnico - Empresa de Pesquisa Agropecuaria do Rio Grande do Norte S.A. (Brazil) _vno. 2 _x |
||
| 650 | _aFEIJAO DE CORDA | ||
| 650 | _aBATATA DOCE | ||
| 650 | _aCAPIM ELEFANTE | ||
| 650 | _aADUBACAO | ||
| 650 | _aCONSORCIACAO DE CULTURA | ||
| 909 |
_a202312 _bLúcia Elande _c55 _dLúcia Elande |
||
| 942 |
_2AGRIS _n0 _cMS |
||
| 999 |
_c281173 _d281173 |
||